000 00775nam a2200229Ia 4500
001 20640
003 GE_BSU
008 181216s||||||||xx |||||||||||||| ||und||
020 _a9785893292411
040 _cGE_BSU
080 _a7.01
100 _aГилберт Катрин Эверетт,Гельмунт Кун
245 _aИстория Эстетики= A History of ESTHETICS
245 _cПод обш.ред.В.П.Сальникова.пер.с английского,Кузнецова В.В.и Тихомировой И.С
260 _aСанкт-Петербург
260 _bУниверситет
260 _c2000
300 _a653стр,22см
653 _aИстория Эстетики
653 _aესთეტიკა
942 _cBK
999 _c53593
_d53593